[Event "Hamar CC-ch A"]
[Site "Hamar"]
[Date "2017.03.02"]
[Round "5"]
[White "Hamra, Morten"]
[Black "Torp, Elliot Sveum"]
[Result "1-0"]
[WhiteElo "1574"]
[BlackElo "1232"]
[PlyCount "83"]
[EventDate "2017.01.05"]
[EventType "swiss"]
[EventRounds "9"]
[EventCountry "NOR"]
[SourceTitle "EXT 2024"]
[Source "ChessBase"]
[SourceDate "2023.10.10"]
[SourceVersion "1"]
[SourceVersionDate "2023.10.10"]
[SourceQuality "1"]

1. e4 e5 2. Nf3 Nc6 3. Bb5 a6 4. Ba4 Nf6 5. 0-0 b5 6. Bb3 Bc5 7. Nxe5 Nxe5 8. d4 Bxd4 9. Qxd4 Qe7 10. Bg5 h6 11. f4 Nc6 12. Bxf6 Qxf6 13. Qc5 Qd4+ 14. Qxd4 Nxd4 15. Nc3 Nxb3 16. axb3 Bb7 17. Nd5 Bxd5 18. exd5 0-0 19. Rfe1 Rfe8 20. Kf2 Kf8 21. Kf3 Rxe1 22. Rxe1 Re8 23. Rxe8+ Kxe8 24. Ke4 Ke7 25. Ke5 g6 26. b4 f6+ 27. Ke4 Kd6 28. Kd4 c6 29. dxc6 dxc6 30. g4 f5 31. gxf5 gxf5 32. h4 h5 33. b3 a5 34. bxa5 c5+ 35. Kc3 b4+ 36. Kc4 Kc6 37. a6 Kb6 38. a7 Kxa7 39. Kxc5 Kb7 40. Kxb4 Kc6 41. Kc4 Kd6 42. Kd4 1-0

[Event "Hamar CC-ch A"]
[Site "Hamar"]
[Date "2017.02.02"]
[Round "3"]
[White "Reigstad, Erlend"]
[Black "Hamra, Morten"]
[Result "0-1"]
[WhiteElo "1499"]
[BlackElo "1574"]
[PlyCount "68"]
[EventDate "2017.01.05"]
[EventType "swiss"]
[EventRounds "9"]
[EventCountry "NOR"]
[SourceTitle "EXT 2024"]
[Source "ChessBase"]
[SourceDate "2023.10.10"]
[SourceVersion "1"]
[SourceVersionDate "2023.10.10"]
[SourceQuality "1"]

1. e4 c5 2. Nf3 Nc6 3. d4 cxd4 4. Nxd4 d6 5. Nc3 g6 6. Be3 Bg7 7. Bc4 Nf6 8. h3 a6 9. a3 0-0 10. Qf3 Ne5 11. Qe2 Nxc4 12. Qxc4 e5 13. Nf3 Be6 14. Qb4 Qc7 15. Rd1 Ne8 16. Bb6 Qc4 17. Qxc4 Bxc4 18. b3 Be6 19. Ba5 Rc8 20. Rd3 f5 21. Ng5 Bd7 22. Kd2 h6 23. Nf3 Bc6 24. Re1 fxe4 25. Nxe4 d5 26. Nc5 e4 27. Nd4 exd3 28. Nxc6 Rxc6 29. Nd7 Rxf2+ 30. Kxd3 Nf6 31. Ne5 Re6 32. Bc3 Ne4 33. Ng4 Bxc3 34. Nxf2 Bxe1 0-1

[Event "Hamar CC-ch A"]
[Site "Hamar"]
[Date "2017.01.19"]
[Round "2"]
[White "Hamra, Morten"]
[Black "Bjortomt, Erling"]
[Result "0-1"]
[WhiteElo "1574"]
[BlackElo "1303"]
[PlyCount "110"]
[EventDate "2017.01.05"]
[EventType "swiss"]
[EventRounds "9"]
[EventCountry "NOR"]
[SourceTitle "EXT 2024"]
[Source "ChessBase"]
[SourceDate "2023.10.10"]
[SourceVersion "1"]
[SourceVersionDate "2023.10.10"]
[SourceQuality "1"]

1. e4 c5 2. Nc3 Nc6 3. Bc4 e6 4. d3 Be7 5. Be3 Nf6 6. Nge2 Ng4 7. Bd2 0-0 8. Nf4 Nge5 9. Bb3 a6 10. a3 b5 11. Be3 Bb7 12. 0-0 d6 13. Nh3 Bf6 14. f4 Ng6 15. f5 exf5 16. exf5 Nge7 17. Qh5 Nd4 18. Ng5 Bxg5 19. Bxg5 Nxb3 20. cxb3 f6 21. Bf4 d5 22. Rf3 Qd7 23. g4 d4 24. Ne4 Bxe4 25. dxe4 d3 26. Be3 Qc6 27. g5 Qxe4 28. Bxc5 fxg5 29. Re3 Qxf5 30. Bxe7 Qf2+ 31. Kh1 Qxe3 32. Bxf8 Rxf8 33. Qd1 Rf2 34. Qg4 Qf3+ 35. Qxf3 Rxf3 36. Rd1 g4 37. Kg2 h5 38. Re1 Rf6 39. Kg3 Rd6 40. Kf4 Kf7 41. Kf5 d2 42. Rd1 g6+ 43. Ke5 Rd8 44. Rf1+ Kg7 45. Rd1 Kh6 46. Kf6 h4 47. Ke7 Rd3 48. Kf6 Kh5 49. Ke5 g3 50. Ke4 Rd8 51. hxg3 hxg3 52. Kf3 Rd3+ 53. Kg2 Kg4 54. Kf1 Kf3 55. Kg1 Ke2 0-1

[Event "Sandnes CC-ch"]
[Site "Sandnes"]
[Date "2015.02.03"]
[Round "4"]
[White "Overas, Jan Magne"]
[Black "Hamra, Morten"]
[Result "1-0"]
[WhiteElo "1581"]
[BlackElo "1570"]
[PlyCount "143"]
[EventDate "2015.02.03"]
[EventType "swiss"]
[EventRounds "7"]
[EventCountry "NOR"]
[SourceTitle "EXT 2017"]
[Source "ChessBase"]
[SourceDate "2016.10.25"]
[SourceVersion "1"]
[SourceVersionDate "2016.10.25"]
[SourceQuality "1"]

1. e4 c5 2. Nf3 d6 3. Bc4 g6 4. 0-0 Bg7 5. d4 cxd4 6. Nxd4 Nf6 7. Nc3 0-0 8. h3 Nc6 9. Nb3 Ne5 10. Be2 Bd7 11. f4 Qb6+ 12. Kh1 Nc6 13. f5 Ne5 14. Bf4 Bc6 15. Bxe5 dxe5 16. Qd3 Rad8 17. Qf3 a5 18. a4 Qb4 19. Bd3 e6 20. fxe6 fxe6 21. Qe3 Nh5 22. g3 b6 23. Kg2 Nf6 24. Rfb1 Nd7 25. Qe2 Qe7 26. Bc4 Rf6 27. Rf1 Nc5 28. Nxc5 bxc5 29. Rxf6 Bxf6 30. Rd1 Rd4 31. b3 Kf7 32. Bd3 Qb7 33. Rf1 Kg7 34. Qf3 Qe7 35. g4 Bh4 36. Nb1 c4 37. bxc4 Bxa4 38. Qe2 Bg5 39. Nc3 Bc6 40. Nb5 Rd8 41. Qe1 Ra8 42. Qa1 Bf6 43. Qc3 g5 44. c5 Qd7 45. Nd6 a4 46. Qa3 Ra5 47. Qb4 Qa7 48. Qb6 Bd7 49. Qxa7 Rxa7 50. Bb5 Bxb5 51. Nxb5 Ra5 52. c4 a3 53. Ra1 a2 54. c6 Ra4 55. Nd6 Bd8 56. c7 Bxc7 57. Ne8+ Kg6 58. Nxc7 Kf6 59. c5 Ke7 60. Nb5 Rxe4 61. Rxa2 Rc4 62. Ra7+ Kf6 63. Nd6 Rc2+ 64. Kf1 Kg6 65. Rc7 h5 66. c6 Rc3 67. gxh5+ Kxh5 68. Ne4 Rc4 69. Nd6 Rc2 70. Rc8 Kg6 71. c7 Kh7 72. Nb5 1-0

[Event "Sandnes CC-ch"]
[Site "Sandnes"]
[Date "2014.02.04"]
[Round "2"]
[White "Hamra, Morten"]
[Black "Skrede, Snorre"]
[Result "0-1"]
[WhiteElo "1501"]
[BlackElo "1729"]
[PlyCount "66"]
[EventDate "2014.02.04"]
[EventType "swiss"]
[EventRounds "7"]
[EventCountry "NOR"]
[SourceTitle "EXT 2017"]
[Source "ChessBase"]
[SourceDate "2016.10.25"]
[SourceVersion "1"]
[SourceVersionDate "2016.10.25"]
[SourceQuality "1"]

1. e4 c5 2. c3 d5 3. e5 g6 4. Nf3 Bg7 5. Be2 e6 6. 0-0 Ne7 7. d4 Nbc6 8. Na3 a6 9. Bg5 b5 10. Nc2 Bd7 11. Ne3 h6 12. Bh4 g5 13. Bg3 Ng6 14. Bd3 c4 15. Bxg6 fxg6 16. Qc2 Ne7 17. h4 Nf5 18. hxg5 hxg5 19. Rae1 Qe7 20. Bh2 0-0-0 21. b3 Nxe3 22. fxe3 g4 23. Nd2 Qh4 24. Qxg6 Qxh2+ 25. Kf2 Rdf8+ 26. Ke2 Qxg2+ 27. Kd1 Rxf1 28. Rxf1 Rh2 29. Qc2 Rh1 30. Rxh1 Qxh1+ 31. Ke2 Qg2+ 32. Ke1 Qg3+ 33. Ke2 Bh6 0-1